LEADER 02699nam a2200481 a 4500 001 000000117532 003 CaOOAMICUS 005 20100819082400.0 008 091021m20092010it u000 u ita r 040 $aPUL$bita$dReb 041 1 $aita$hger 082 04$a180 100 1 $aHabermas, Jürgen,$d1929-$0(OLS)http://pul/name/516 240 10$aMoralbewusstsein und kommunikatives Handeln.$lItaliano.$0(OLS)http://pul/title/79698 245 10$aHabermas. 260 $aMilano :$bMondadori,$c©2009-<2010>. 300 $a2 v. ;$c17 cm. 490 1 $aI classici collezione del pensiero ;$v80 ; 120 504 $aInclude riferimenti bibliografici ed indici. 505 0 $aCronologia di Habermas ; v. 1. Etica del discorso / a cura di Emilio Agazzi ; Il discorso filosofico della modernitą: dodici lezioni / traduzione di Emilio e di Elena Agazzi ; Il pensiero post-metafisico / a cura di Marina Calloni. -- v. 2. Storia e critica dell'opinione pubblica ; Teoria della morale / a cura di Vinci-Enzo Tota. 700 1 $aAgazzi, Elena,$d1961-$0(OLS)http://pul/name/71340 700 1 $aCalloni, Marina.$0(OLS)http://pul/name/13135 700 1 $aAgazzi, Emilio.$0(OLS)http://pul/name/41042 700 1 $aHabermas, Jürgen,$d1929-$tErlauterungen zur diskursethik$lItaliano.$0(OLS)http://pul/name/77006 700 1 $aHabermas, Jürgen,$d1929-$tStrukturwandel der Oeffentlichkeit$lItaliano.$0(OLS)http://pul/name/77005 740 02$aEtica del discorso. 740 32$aIl pensiero post-metafisico. 740 02$aStoria e critica dell'opinione pubblica. 740 02$aTeoria della morale. 740 32$aIl discorso filosofico della modernitą :$pdodici lezioni. 830 2$aI classici del pensiero (Mondadori) ;$v80 ; 120.$0(OLS)http://pul/title/140256 850 $aPUL 852 $aPUL$W1$xSL Filosofia 3$y81$m180 COLL 1.120$j140839$av. 2$qDDC 21$B139919$CPULBib$Z2$F139919 $H114723 $82 852 $aPUL$W1$xSL Filosofia 3$y81$m180 COLL 1.80$j134885$av. 1$qDDC 21$B133856$CPULBib$Z2$F133856 $H111462 $82 941 1 $a9 996 $6082$a180$9(OLS)http://pul/classification/366 996 $6740$aIl discorso filosofico della modernitą :$pdodici lezioni$9(OLS)http://pul/title/147921 996 $6245$aHabermas$9(OLS)http://pul/title/147919 996 $6740$aEtica del discorso$9(OLS)http://pul/title/147920 996 $6740$aIl pensiero post-metafisico$9(OLS)http://pul/title/147922 996 $6740$aStoria e critica dell'opinione pubblica$9(OLS)http://pul/title/154528 996 $6740$aTeoria della morale$9(OLS)http://pul/title/154529 996 $6260$aMilano :$bMondadori$9(OLS)http://pul/publisher/50297 LEADER 01634nam a2200373 a 4500 001 000000128482 003 CaOOAMICUS 005 20120420143501.0 008 120420s2011 vc u000 u lat r 020 $a978-88-401-5028-4 040 $aPUL$bita 041 0 $alat$aita 082 04$a262.91 110 2 $aTribunale della Rota Romana.$0(OLS)http://pul/name/76356 245 00$aCoram Sabattani :$bdecisiones apud Tribunal Flaminium et Bononiense (1942-1954) /$ca cura di Luigi Sabbarese. 260 $aCittą del Vaticano :$bUrbaniana University Press,$c©2011. 300 $a515 p. ;$c24 cm 504 $aBibliografia in nota. 546 $aSentenze in latino, presentazione in italiano. 600 14$aSabattani, Aurelio,$ccard.,$d1912-2003.$0(OLS)http://pul/subject/799 650 4$aDiritto canonico.$0(OLS)http://pul/subject/1294 700 1 $aSabbarese, Luigi,$cc.s.,$d1962-$0(OLS)http://pul/name/27847 850 $aPUL 852 $aPUL$W1$xSL Diritto Canonico 3$y77$m262. 91 SABLU 1$j148808$qDDC 21$B147334$CPULBib$Z2$F147334 $H117818 $82 910 $aSacra Romana Rota$976356 910 $aRomana rota$976356 910 $aRota romana$976356 910 $aRotae romanae tribunal$976356 941 1 $a9 996 $6020$a978-88-401-5028-4$9(OLS)http://pul/number/149464 996 $6082$a262.91$9(OLS)http://pul/classification/1668 996 $6245$aCoram Sabattani :$bdecisiones apud Tribunal Flaminium et Bononiense (1942-1954)$9(OLS)http://pul/title/162362 996 $6260$aCittą del Vaticano :$bUrbaniana University Press$9(OLS)http://pul/publisher/66922